LIBRARY & INFORMATION CENTRE, KCAET, TAVANUR

ONLINE PUBLIC ACCESS CATALOGUE (OPAC)

Development and quality evaluation of extruded RTE snack food from starch based food products / (Record no. 15541)

MARC details
000 -LEADER
fixed length control field 00533nam a22001457a 4500
003 - CONTROL NUMBER IDENTIFIER
control field OSt
008 - FIXED-LENGTH DATA ELEMENTS--GENERAL INFORMATION
fixed length control field 181122b ||||| |||| 00| 0 eng d
100 ## - MAIN ENTRY--AUTHOR NAME
Personal name ANEESHYA KAMAL, K.S
245 ## - TITLE STATEMENT
Title Development and quality evaluation of extruded RTE snack food from starch based food products /
260 ## - PUBLICATION, DISTRIBUTION, ETC. (IMPRINT)
Place of publication TAVANUR
Name of publisher Department of Post Harvest Technology and Agricultural Processing
Year of publication 2012
300 ## - PHYSICAL DESCRIPTION
Number of Pages 235
700 ## - ADDED ENTRY--PERSONAL NAME
Personal name Dr. Sudheer K. P. (Guide)
856 ## - ELECTRONIC LOCATION AND ACCESS
Uniform Resource Identifier <a href="https://drive.google.com/open?id=1Hg0tMOmOW_yx9LnAyqJG_eS1bVVczhbo">https://drive.google.com/open?id=1Hg0tMOmOW_yx9LnAyqJG_eS1bVVczhbo</a>
942 ## - ADDED ENTRY ELEMENTS (KOHA)
Koha item type Theses
Holdings
Withdrawn status Lost status Damaged status Home library Current library Shelving location Date acquired Accession Number Koha item type Public note
      KAUAET KAUAET Reference 22/11/2018 T 252 Theses M.Tech Thesis
free website counter